| 000 | 00557nam a22001817a 4500 | ||
|---|---|---|---|
| 003 | UA-OsUOA | ||
| 001 | 13359 | ||
| 007 | ta | ||
| 008 | 20030516b un ||||| |||| 00| 0 ukr d | ||
| 100 | _aІльчук В. | ||
| 942 | _cSA | ||
| 040 |
_aUA-OsUOA _cUA-OsUOA _dUA-OsUOA |
||
| 245 |
_aЗоопарк розпочав новий сезон _b[У Рівнен. зоопарку відбулося відкриття нового сезону] |
||
| 300 | _aС.3 | ||
| 955 | _a0 | ||
| 773 | 0 |
_w0 _tОго _dРівне _d2003 _g№78 |
|
| 650 | 7 |
_aЗоопарки _2UDC |
|
| 999 |
_c299520 _d299520 |
||